000 00651cam a22002293a 4500
001 14469
003 PGUSA
005 20140828083317.0
008 041226s2004||||xxu|||||s|||||000 1 eng d
040 _aPGUSA
_beng
042 _adc
050 4 _aPR
100 1 _aSaintsbury, George,
_d1845-1933
245 1 4 _aThe English Novel
_h[electronic resource] /
_cGeorge Saintsbury
260 _bProject Gutenberg,
_c2004
506 _aPublic domain in the USA.
516 _aElectronic text
653 _aEnglish fiction -- History and criticism
830 0 _aProject Gutenberg
_v14469
856 4 0 _uhttp://www.gutenberg.org/ebooks/14469
942 _cEB
999 _c243724
_d243724